000 00790nam a22002537a 4500
001 76624
003 UA-OsUOA
005 20220511144546.0
007 ta
008 20110712b un ||||| |||| 00| 0 ukr d
020 _a9789667698416
040 _aUA-OsUOA
_brus
_cUA-OsUOA
_dUA-OsUOA
041 _arus
080 _a82-97
090 _a82-97
_bК95
100 _aКухарчук Р. В.
245 _aДесятка. Бути суб'єктом, а не об'єктом
260 _aК.
_bХрист. бібл. братство Св. апостола Павла
_c2009
300 _a192 с.
650 7 _a82 Література. Літературознавство
_2UDC
942 _cBK
_2udc
955 _a2
999 _c362927
_d362927